00861nam a2200265Ia 450000100060000000300090000600800410001504000130005604000130006904100130008210000190009510000290011424000280014324000350017124500270020624500270023325000110026026000110027126000130028226000490029530000570034450001320040165000310053365000310056467149IT-RoPAU130308s9999 xx 000 0 und d aIT-RoPAU cIT-RoPAU aITALIANO aMargrave Seton gCodice Aut. SPICS: 23421 aSUCCESSFUL FILM WRITING gCodice Tit. Orig. Spics: T0531 aCome si scrive un film bCome si scrive un Film a1a ed. aMILANO bBompiani c1939 [1° Ed.:1939 - Ed.Ling.Originale:1939] a"272 p. (prefazione: no ; testo: 272 [pagine: 0-0])" aSuscitare L'Interesse del Pubblico Dialogo Continuità della Narrazione reazione del Pubblico caratteristiche della Narrazione aLINGUAGGIO CINEMATOGRAFICO eCodice materia Spics: 6804